000 00214nam a2200097Ia 4500
008 240331s9999 xx 000 0 und d
082 _bJAY
100 _aJayasinha, D.P
245 0 _aGoodnight sweet printz
942 _cL
999 _c3430
_d3430